BUILDING LIVES-A COMMUNITY PROJECT WITH GAWAD KALINGA IN MANILA (Record no. 861936)

MARC details
000 -LEADER
fixed length control field 00277nam a2200097Ia 4500
008 - FIXED-LENGTH DATA ELEMENTS--GENERAL INFORMATION
fixed length control field 230822s9999 xx 000 0 und d
041 ## - LANGUAGE CODE
Language code of text/sound track or separate title eng
100 ## - MAIN ENTRY--PERSONAL NAME
Personal name KIANG TAN BENG
245 ## - TITLE STATEMENT
Title BUILDING LIVES-A COMMUNITY PROJECT WITH GAWAD KALINGA IN MANILA
260 ## - PUBLICATION, DISTRIBUTION, ETC.
Name of publisher, distributor, etc. CASSELL AND COMPANY

No items available.